Click - England, Scotland, Wales or N. Ireland? - Statistics

General Stats
  • This quiz has been taken 157 times
  • The average score is 15 of 24
Answer Stats
Hint Answer % Correct
Bideford England
77%
Caernarfon Wales
77%
Stranraer Scotland
75%
Hexham England
73%
Ballymena Northern Ireland
73%
Enniskillen Northern Ireland
72%
Rhyl Wales
71%
Kendal England
70%
Oban Scotland
69%
Skegness England
67%
Carrickfergus Northern Ireland
66%
Troon Scotland
66%
St. Davids Wales
66%
Holyhead Wales
62%
Galashiels Scotland
61%
Monmouth Wales
61%
Arundel England
60%
Dungannon Northern Ireland
59%
Tenby Wales
56%
Portrush Northern Ireland
53%
Oswestry England
47%
Peterhead Scotland
47%
Strabane Northern Ireland
45%
Ullapool Scotland
41%
No matching quizzes found
Score Distribution
Percent of People with Each Score
Percentile by Number Answered
Your Score History
You have not taken this quiz